Muỗi gây bệnh sốt rét tại Khu IV
Αποθηκεύτηκε σε:
| Κύριος συγγραφέας: | |
|---|---|
| Μορφή: | Βιβλίο |
| Γλώσσα: | Undetermined |
| Έκδοση: |
Cần Thơ
Viện Đại Học Cần Thơ - Đại Học Khoa Học
1973
|
| Θέματα: | |
| Ετικέτες: |
Προσθήκη ετικέτας
Δεν υπάρχουν, Καταχωρήστε ετικέτα πρώτοι!
|
| Thư viện lưu trữ: | Trung tâm Học liệu Trường Đại học Cần Thơ |
|---|
| LEADER | 00609nam a2200181Ia 4500 | ||
|---|---|---|---|
| 001 | CTU_33682 | ||
| 008 | 210402s9999 xx 000 0 und d | ||
| 082 | |a 571.986 | ||
| 082 | |b H401 | ||
| 100 | |a Quách Huỳnh Hoa | ||
| 245 | 0 | |a Muỗi gây bệnh sốt rét tại Khu IV | |
| 245 | 0 | |c Quách Huỳnh Hoa | |
| 260 | |a Cần Thơ | ||
| 260 | |b Viện Đại Học Cần Thơ - Đại Học Khoa Học | ||
| 260 | |c 1973 | ||
| 650 | |a communicable diseases,malaria,parasitology,pathology,public health | ||
| 904 | |i Minh, 991105 | ||
| 980 | |a Trung tâm Học liệu Trường Đại học Cần Thơ | ||